Kuusi lähintä maata - Viro - Statistics

Yleistilastot
  • Tätä visaa on pelattu 51 kertaa
  • Keskiarvotulos 5 / 6
Vastaustilastot
km maa % Oikein
0 Latvia
100%
47 Suomi
100%
152 Liettua
98%
0 Venäjä
98%
150 Ruotsi
82%
157 Valko-Venäjä
60%
Ehtoja vastaavia visoja ei löytynyt
Tulosjakauma
Jokaisen tuloksen saaneiden osuus
Persentiili vastausten määrän mukaan
Tuloshistoriasi
Et ole pelannut tätä visaa